000
00299cam a22001097a 4500
008
180718b1944 xxu||||| |||| 00| 0 eng d
082
_a
A42x54 In2/39/wd
100
_a
The Madras law Journal Office
245
_a
The defence of India act of 1939
260
_a
Madras
_b
The author
_c
1944
300
_a
229p
999
_c
379266
_d
379266